000 00405pam a2200145 a 4500
020 _a0077091272 (pbk. : alk. paper)
040 _cDLC
082 0 0 _a628 MCG 1997 C151 Or.
100 1 _aKiely, Gerard
245 1 0 _aEnvironmental engineering /
260 _aLondon ;
_aNew York :
_bMcGraw-Hill,
_cc1997
300 _axx, 979 p. :
_bill., map ;
_c24 cm
650 0 _aEnvironmental engineering
942 _cAEDBB
999 _c18703
_d18703